000 00743nam0a22002651 4500
001 v19\rc\1405802
005 20250618102425.0
035 _a(NLR Aleph) 004535375
090 _a1929177
_c1929177
100 _a20060512d1875 |||y0rusy50 ca
101 0 _arus
102 _aRU
105 _ay z |||a|
200 1 _aЧужое преступление
_eРоман П. Летнева
210 _aСанкт-Петербург
_cП.Е. Кехрибарджи
_d1875
215 _a[4], 269 с.
_d21
700 1 _aЛетнев
_bП.
801 0 _aRU
_bNLR
_gpsbo
801 0 _aRU
_bRuMoRGB
_2psbo
801 1 _aRU
_bProSoft-M
_2rusmarc
852 _aNLR
_j18.236.4.39
899 _aRuMoRGB
_jD 8/365
899 _aБАН
942 _cBOOK
980 _aNB